000 00997cam a2200241 a 4500
001 000019036
005 20200929165916.0
008 730604s1962 ve ac 000 0 spa d
040 _aDO-SdBNP
_bspa
_cPPT
_dTxGeoS
_dWU
_dDLC
_dBNPHU
082 _a861.3
_bC348
100 1 _aCastellanos, Juan de,
_d1522-1606
_940957
245 1 0 _aElegías de varones ilustres de Indias /
_cintrodución y notas de Isaac J. Pardo.
260 _aCaracas, (Venezuela) :
_bAcademia Nacional de la Historia,
_c1962.
300 _a284 p. :
_bil., retrs. ;
_c24 cm.
490 1 _aBiblioteca de la Academia Nacional de la Historia
_v57
600 1 4 _aCASTELLANOS, JUAN DE,
_d1522-1607.
_tElegias de varones ilustres de Indias.
_940958
651 4 _aAmérica Latina
_xHistoria
_xPoesía
_940959
650 4 _aAmérica latina
_xBiografías
_940960
700 1 _aPardo, Isaac J.,
_eintr.
_940961
830 0 _aBiblioteca de la Academia Nacional de la Historia ;
_v57
_929982
910 _aCatalogación derivada / LC
049 _aBNGR
999 _c18554
_d18554